000 00333nam a2200133Ia 4500
008 191201s2008 xx 000 0 und d
100 _aTRIPATHI, P C
245 0 _aPersonnel Management and Industrial Relations
250 _aRep.
260 _aN.Delhi
_bSultan Chand
_c2008
300 _a25.3 misc
650 _aMBA
942 _2ddc
_cBK
999 _c3601
_d3601